000 00238nam a2200085Ia 4500
008 170620s9999 xx 000 0 und d
100 _aChandra- Soti Shivender
245 0 _aTeaching of Social Science
260 _bMeerut- International Publishing House
260 _c2004
999 _c23945
_d23945